[Event "Haifa Channukah"]
[Site "Haifa"]
[Date "2010.12.09"]
[Round "9.5"]
[White "Gofshtein, Leonid D"]
[Black "Miller, Evgeny"]
[Result "1/2-1/2"]
[WhiteElo "2513"]
[BlackElo "2254"]
[PlyCount "75"]
[EventDate "2010.12.01"]
[EventType "tourn"]
[EventRounds "9"]
[EventCountry "ISR"]
[EventCategory "6"]
[SourceTitle "CBM 139 Extra"]
[Source "ChessBase"]
[SourceDate "2011.01.05"]
[SourceVersion "1"]
[SourceVersionDate "2011.01.05"]
[SourceQuality "1"]

1. d4 d5 2. c4 e6 3. Nc3 Be7 4. cxd5 exd5 5. Bf4 c6 6. e3 Bd6 7. Bg3 Nf6 8. Bd3 Be6 9. Qb3 Bxg3 10. hxg3 Qb6 11. Qc2 Nbd7 12. Nf3 h6 13. 0-0 0-0 14. Rab1 a5 15. a3 Rfc8 16. Rfc1 Qd8 17. b4 axb4 18. Rxb4 b6 19. a4 c5 20. Rbb1 Nb8 21. Qb2 Nbd7 22. Rd1 Nb8 23. Rdc1 Nbd7 24. Bb5 Ne4 25. Nxe4 dxe4 26. d5 Bxd5 27. Rd1 Nf6 28. Nh4 Qf8 29. Nf5 Be6 30. Nd6 Rd8 31. Bc6 Rab8 32. Nxe4 Nxe4 33. Bxe4 Rxd1+ 34. Rxd1 Qe8 35. Bc2 Qc6 36. Qe5 Re8 37. Qc3 g6 38. Rb1 1/2-1/2

[Event "Haifa Channukah"]
[Site "Haifa"]
[Date "2010.12.05"]
[Round "5.3"]
[White "Bajbikov, Dmitry"]
[Black "Miller, Evgeny"]
[Result "1/2-1/2"]
[WhiteElo "2276"]
[BlackElo "2254"]
[PlyCount "64"]
[EventDate "2010.12.01"]
[EventType "tourn"]
[EventRounds "9"]
[EventCountry "ISR"]
[EventCategory "6"]
[SourceTitle "CBM 139 Extra"]
[Source "ChessBase"]
[SourceDate "2011.01.05"]
[SourceVersion "1"]
[SourceVersionDate "2011.01.05"]
[SourceQuality "1"]

1. e4 c6 2. d3 d5 3. Nd2 e5 4. Ngf3 Bd6 5. g3 Nf6 6. Bg2 0-0 7. 0-0 Re8 8. Re1 Bc7 9. Qe2 Nbd7 10. Nb3 Nf8 11. Bd2 a5 12. a4 Be6 13. Nc5 dxe4 14. dxe4 Qe7 15. Nxe6 Nxe6 16. Bc3 Nc5 17. Nd2 Qe6 18. Qf1 Reb8 19. Bh3 Qe7 20. b4 axb4 21. Bxb4 Ba5 22. Qc4 Bxb4 23. Qxb4 Re8 24. Nb3 Nxb3 25. Qxe7 Rxe7 26. cxb3 Ree8 27. f3 Red8 28. Red1 Kf8 29. Kf2 Ke7 30. Ke2 Ne8 31. Rac1 Nc7 32. Rxd8 Rxd8 1/2-1/2

[Event "Haifa Channukah"]
[Site "Haifa"]
[Date "2010.12.04"]
[Round "3.2"]
[White "Fraas, Martin"]
[Black "Miller, Evgeny"]
[Result "1/2-1/2"]
[WhiteElo "2240"]
[BlackElo "2254"]
[PlyCount "95"]
[EventDate "2010.12.01"]
[EventType "tourn"]
[EventRounds "9"]
[EventCountry "ISR"]
[EventCategory "6"]
[SourceTitle "CBM 139 Extra"]
[Source "ChessBase"]
[SourceDate "2011.01.05"]
[SourceVersion "1"]
[SourceVersionDate "2011.01.05"]
[SourceQuality "1"]

1. e4 c6 2. d4 d5 3. e5 Bf5 4. Nf3 e6 5. Be2 Nd7 6. 0-0 Ne7 7. Re1 Bg6 8. a4 Nf5 9. a5 a6 10. c4 Bb4 11. Bd2 Bxd2 12. Qxd2 0-0 13. cxd5 cxd5 14. Qb4 Rb8 15. Nc3 Ne7 16. Rec1 Nc6 17. Qd6 Bh5 18. Rd1 Rc8 19. h3 Bxf3 20. Bxf3 Qe7 21. Qxe7 Nxe7 22. Be2 Rc7 23. f4 Nb8 24. Kf2 Nbc6 25. g4 f6 26. Kg3 fxe5 27. dxe5 g5 28. f5 exf5 29. Nxd5 f4+ 30. Kf2 Nxd5 31. Rxd5 Ne7 32. Rd2 Ng6 33. e6 Kg7 34. Rd7+ Rxd7 35. exd7 Rd8 36. Rd1 Ne5 37. Bf3 Nxf3 38. Kxf3 Kf6 39. h4 gxh4 40. Kxf4 Ke7 41. g5 Rxd7 42. Rxd7+ Kxd7 43. Kg4 Ke6 44. Kxh4 Kf5 45. Kh5 Kf4 46. b3 Kf5 47. Kh6 Kf4 48. Kh5 1/2-1/2

[Event "Haifa Channukah"]
[Site "Haifa"]
[Date "2010.12.02"]
[Round "2.5"]
[White "Miller, Evgeny"]
[Black "Aharon, Ofir"]
[Result "1-0"]
[WhiteElo "2254"]
[BlackElo "2264"]
[PlyCount "99"]
[EventDate "2010.12.01"]
[EventType "tourn"]
[EventRounds "9"]
[EventCountry "ISR"]
[EventCategory "6"]
[SourceTitle "CBM 139 Extra"]
[Source "ChessBase"]
[SourceDate "2011.01.05"]
[SourceVersion "1"]
[SourceVersionDate "2011.01.05"]
[SourceQuality "1"]

1. e4 c5 2. c3 g6 3. d4 cxd4 4. cxd4 d5 5. exd5 Nf6 6. Nc3 Nxd5 7. Bc4 Nb6 8. Bb3 Bg7 9. Nge2 0-0 10. 0-0 Nc6 11. d5 Na5 12. Bg5 Bg4 13. Re1 h6 14. Be3 Nac4 15. Bd4 Nxb2 16. Qb1 N2c4 17. Bxc4 Nxc4 18. Bxg7 Kxg7 19. Qxb7 Qd7 20. Qb4 Rfc8 21. Ng3 Qd6 22. Qb1 e5 23. dxe6 Bxe6 24. Nce4 Qe5 25. Qc1 Nd6 26. Qd1 Nb5 27. Qa4 Nc3 28. Nxc3 Qxc3 29. Rad1 Rc4 30. Qa6 Rc7 31. h3 Qc4 32. Qd6 Qc5 33. Qf4 Rac8 34. Re5 Qc4 35. Re4 Qxa2 36. Qe5+ Kh7 37. Red4 Rc5 38. Qf6 Qb2 39. Kh2 Rd5 40. Ne4 Qb8+ 41. g3 Rf5 42. Qe7 Qe5 43. R1d2 Rc7 44. Qe8 Qh8 45. Qa4 Re5 46. Rd8 Qg7 47. f4 Rh5 48. Qe8 f5 49. Qxe6 Re7 50. Nf6+ 1-0

[Event "Haifa Channukah"]
[Site "Haifa"]
[Date "2010.12.01"]
[Round "1.1"]
[White "Miller, Evgeny"]
[Black "Zilberman, Yaacov"]
[Result "1/2-1/2"]
[WhiteElo "2254"]
[BlackElo "2481"]
[PlyCount "57"]
[EventDate "2010.12.01"]
[EventType "tourn"]
[EventRounds "9"]
[EventCountry "ISR"]
[EventCategory "6"]
[SourceTitle "CBM 139 Extra"]
[Source "ChessBase"]
[SourceDate "2011.01.05"]
[SourceVersion "1"]
[SourceVersionDate "2011.01.05"]
[SourceQuality "1"]

1. e4 g6 2. d4 Bg7 3. Nf3 d6 4. h3 Nf6 5. Nc3 0-0 6. Be3 c6 7. a4 a5 8. Qd2 Na6 9. Bh6 Nb4 10. Bxg7 Kxg7 11. Be2 Qc7 12. 0-0 e5 13. Rfe1 Re8 14. Bf1 Be6 15. Nb1 exd4 16. Nxd4 Bd7 17. Nc3 Re7 18. Rad1 Rae8 19. Nb3 Be6 20. Nd4 Bc8 21. f3 Qb6 22. Qf2 Kg8 23. Re2 d5 24. exd5 Nbxd5 25. Nxd5 Nxd5 26. Rxe7 Rxe7 27. Nb3 Qc7 28. Re1 b6 29. c4 1/2-1/2

[Event "Haifa"]
[Site "Haifa"]
[Date "2009.12.??"]
[Round "7"]
[White "Bykhovsky, Avigdor"]
[Black "Miller, Evgeny"]
[Result "1/2-1/2"]
[WhiteElo "2396"]
[BlackElo "2260"]
[PlyCount "40"]
[EventDate "2009.12.??"]
[EventType "tourn"]
[EventRounds "9"]
[EventCountry "ISR"]
[EventCategory "3"]
[SourceTitle "CBM 133 Extra"]
[Source "ChessBase"]
[SourceDate "2010.01.05"]
[SourceVersion "1"]
[SourceVersionDate "2010.01.05"]
[SourceQuality "1"]

1. d4 d5 2. c4 e6 3. Nf3 Nf6 4. Nc3 Be7 5. Bg5 h6 6. Bh4 0-0 7. e3 Ne4 8. Bxe7 Qxe7 9. Qc2 Nxc3 10. Qxc3 c6 11. Bd3 dxc4 12. Bxc4 c5 13. Qa3 Nd7 14. Rc1 b6 15. Bb5 Bb7 16. Bxd7 Bxf3 17. gxf3 Qxd7 18. dxc5 bxc5 19. 0-0 Qb7 20. e4 Rac8 1/2-1/2

[Event "ISR-ch 34th"]
[Site "Haifa"]
[Date "2008.12.08"]
[Round "6"]
[White "Aharon, Ofir"]
[Black "Miller, Evgeny"]
[Result "1/2-1/2"]
[WhiteElo "2118"]
[BlackElo "2291"]
[PlyCount "71"]
[EventDate "2008.12.01"]
[EventType "swiss"]
[EventRounds "9"]
[EventCountry "ISR"]
[SourceTitle "CBM 127 Extra"]
[Source "ChessBase"]
[SourceDate "2009.01.08"]
[SourceVersion "2"]
[SourceVersionDate "2009.01.28"]
[SourceQuality "1"]

1. e4 c6 2. d4 d5 3. f3 e6 4. Nc3 Nf6 5. Be3 Bb4 6. e5 Nfd7 7. a3 Be7 8. f4 c5 9. Nf3 Nc6 10. Bd3 0-0 11. Qd2 f6 12. exf6 Bxf6 13. Bb5 cxd4 14. Nxd4 Nxd4 15. Bxd4 e5 16. fxe5 Nxe5 17. 0-0 Nc4 18. Bxf6 Nxd2 19. Bxd8 Nxf1 20. Be7 Rf7 21. Bc5 Nd2 22. Rd1 b6 23. Bf2 Nc4 24. Rxd5 Nxb2 25. Rd8+ Rf8 26. Rxf8+ Kxf8 27. Bc6 Rb8 28. Bg3 Rb7 29. Bxb7 Bxb7 30. Nb5 a6 31. Nd6 Bd5 32. Bf2 b5 33. Bc5 Kg8 34. Nf5 Be4 35. Ne3 Kf7 36. Bd4 1/2-1/2

[Event "ISR-ch 34th"]
[Site "Haifa"]
[Date "2008.12.02"]
[Round "2"]
[White "Efroimski, Marsel"]
[Black "Miller, Evgeny"]
[Result "1/2-1/2"]
[WhiteElo "2052"]
[BlackElo "2291"]
[PlyCount "79"]
[EventDate "2008.12.01"]
[EventType "swiss"]
[EventRounds "9"]
[EventCountry "ISR"]
[SourceTitle "CBM 127 Extra"]
[Source "ChessBase"]
[SourceDate "2009.01.08"]
[SourceVersion "2"]
[SourceVersionDate "2009.01.28"]
[SourceQuality "1"]

1. e4 c6 2. d4 d5 3. e5 Bf5 4. Nf3 e6 5. Be2 Ne7 6. 0-0 Nd7 7. Nbd2 Bg6 8. Nh4 c5 9. c3 Rc8 10. b3 cxd4 11. Nxg6 hxg6 12. cxd4 Nf5 13. Nf3 Be7 14. Qd3 a6 15. Bd2 Nb8 16. b4 Nc6 17. Rab1 Qb6 18. Bc3 0-0 19. Rb3 Rc7 20. Rfb1 Rfc8 21. Qd2 Qa7 22. a4 Nb8 23. Ne1 Nd7 24. a5 b5 25. g4 Nh6 26. f4 g5 27. Bb2 gxf4 28. Qxf4 Nf8 29. Nd3 Rc2 30. Rc1 Ng6 31. Qe3 Rxc1+ 32. Nxc1 Qd7 33. Nd3 Qd8 34. Bc1 Qc7 35. Bd2 Qd8 36. Ne1 Nh4 37. Qf4 Ng6 38. Qe3 Nh4 39. Qf4 Ng6 40. Qe3 1/2-1/2

[Event "Elitzur Cup"]
[Site "Israel"]
[Date "2007.??.??"]
[Round "7"]
[White "Bykhovsky, Anatoly"]
[Black "Miller, Evgeny"]
[Result "1-0"]
[WhiteElo "2355"]
[BlackElo "2205"]
[PlyCount "85"]
[EventDate "2007.??.??"]
[EventType "tourn"]
[EventRounds "9"]
[EventCountry "ISR"]
[EventCategory "3"]
[SourceTitle "EXT 2010"]
[Source "ChessBase"]
[SourceDate "2010.11.25"]
[SourceVersion "1"]
[SourceVersionDate "2010.11.25"]
[SourceQuality "1"]

1. d4 d5 2. Nf3 Nf6 3. c4 e6 4. Nc3 Be7 5. Bg5 Nbd7 6. e3 h6 7. Bf4 0-0 8. Qc2 c5 9. dxc5 Nxc5 10. Be2 Nce4 11. 0-0 Nxc3 12. Qxc3 Bd6 13. Bxd6 Qxd6 14. c5 Qc7 15. Rfc1 Bd7 16. Ne5 Rfc8 17. b4 Be8 18. f4 Ne4 19. Qd4 a5 20. a3 axb4 21. axb4 b6 22. c6 Rxa1 23. Qxa1 f6 24. Nf3 b5 25. Bxb5 Qb6 26. Nd4 e5 27. Qa6 Qxa6 28. Bxa6 Rc7 29. Ne6 Rxc6 30. Rxc6 Bxc6 31. b5 Bxb5 32. Bxb5 Kf7 33. Nc7 exf4 34. exf4 Nc3 35. Bd3 Ke7 36. Kf2 g5 37. Ke3 Kd7 38. Kd4 Kxc7 39. Kxc3 gxf4 40. Be2 Kd6 41. Kd4 Ke6 42. Bg4+ Kd6 43. Bf3 1-0

[Event "Elitzur Cup"]
[Site "Israel"]
[Date "2007.??.??"]
[Round "2"]
[White "Kudischewitsch, David"]
[Black "Miller, Evgeny"]
[Result "1/2-1/2"]
[WhiteElo "2325"]
[BlackElo "2205"]
[PlyCount "23"]
[EventDate "2007.??.??"]
[EventType "tourn"]
[EventRounds "9"]
[EventCountry "ISR"]
[EventCategory "3"]
[SourceTitle "EXT 2010"]
[Source "ChessBase"]
[SourceDate "2010.11.25"]
[SourceVersion "1"]
[SourceVersionDate "2010.11.25"]
[SourceQuality "1"]

1. d4 Nf6 2. Bg5 d5 3. Bxf6 gxf6 4. e3 c5 5. c3 Qb6 6. Qb3 Nc6 7. Nd2 c4 8. Qxb6 axb6 9. a3 Bf5 10. Ngf3 e6 11. Nh4 Bg6 12. Be2 1/2-1/2

[Event "Elitzur Cup"]
[Site "Israel"]
[Date "2007.??.??"]
[Round "8"]
[White "Miller, Evgeny"]
[Black "Porat, Ido"]
[Result "1/2-1/2"]
[WhiteElo "2205"]
[BlackElo "2255"]
[PlyCount "99"]
[EventDate "2007.??.??"]
[EventType "tourn"]
[EventRounds "9"]
[EventCountry "ISR"]
[EventCategory "3"]
[SourceTitle "EXT 2010"]
[Source "ChessBase"]
[SourceDate "2010.11.25"]
[SourceVersion "1"]
[SourceVersionDate "2010.11.25"]
[SourceQuality "1"]

1. e4 e5 2. Nf3 Nf6 3. Nxe5 Nxe4 4. Qe2 Qe7 5. Qxe4 d6 6. d4 dxe5 7. dxe5 Nc6 8. Bb5 Bd7 9. 0-0 0-0-0 10. Nc3 Nxe5 11. a4 Nc6 12. Qf4 a6 13. Be3 f6 14. Rfd1 Qe5 15. Qf3 Bd6 16. g3 Qe6 17. Ne4 Be7 18. Nc3 Ne5 19. Qg2 g5 20. Nd5 g4 21. Nf4 Qf5 22. Nd5 Bd6 23. Bf4 Nf3+ 24. Kh1 Kb8 25. Bxd6 cxd6 26. Ne3 Qh5 27. Bxd7 Rxd7 28. Rd5 Qg6 29. Rad1 h5 30. Nf5 Ne5 31. Nxd6 h4 32. gxh4 Rxh4 33. Qg3 Rdh7 34. Kg2 Rxh2+ 35. Kf1 Qxc2 36. R5d2 Qxa4 37. Qc3 Rc7 38. Qg3 Rh3 39. Qg2 Nf3 40. Rd3 Rch7 41. Ke2 Re7+ 42. Kf1 Reh7 43. Ke2 Rh2 44. Qg3 Qc2+ 45. R1d2 Qc7 46. Qxg4 Nxd2 47. Qg8+ Ka7 48. Nc8+ Ka8 49. Nb6+ Ka7 50. Nc8+ 1/2-1/2

[Event "Canadian op"]
[Site "Kapuskasing"]
[Date "2004.07.16"]
[Round "8"]
[White "Hajiyev, Elshad"]
[Black "Miller, Evgeny"]
[Result "0-1"]
[WhiteElo "1978"]
[BlackElo "2193"]
[PlyCount "74"]
[EventDate "2004.07.10"]
[EventType "swiss"]
[EventRounds "10"]
[EventCountry "CAN"]
[SourceTitle "EXT 2022"]
[Source "ChessBase"]
[SourceDate "2021.10.06"]
[SourceVersion "1"]
[SourceVersionDate "2021.10.06"]
[SourceQuality "1"]

1. e4 c6 2. d4 d5 3. e5 Bf5 4. Nc3 e6 5. g4 Bg6 6. Nge2 Nd7 7. f4 h5 8. g5 h4 9. Bh3 Ne7 10. Be3 Bf5 11. Bg2 Bg4 12. 0-0 Nf5 13. Qd2 Bb4 14. a3 Nb6 15. Qd3 Nc4 16. Bc1 Bxc3 17. bxc3 Qb6 18. Re1 Rc8 19. h3 Bh5 20. Kh2 Bg6 21. Qf3 Ne7 22. Qf2 Bxc2 23. Ng1 Bf5 24. Nf3 Qb3 25. Bd2 Ng6 26. a4 Qb2 27. Kg1 Nxd2 28. Nxd2 Qxc3 29. Rac1 Qg3 30. Rf1 Bxh3 31. Qxg3 hxg3 32. Nb3 Ke7 33. Rc3 Bxg2 34. Kxg2 Rh2+ 35. Kxg3 Rch8 36. Rcf3 R2h3+ 37. Kg2 Rxf3 0-1

[Event "Todd Southam Memorial"]
[Site "Toronto"]
[Date "2004.06.13"]
[Round "2"]
[White "Smith, Hazel"]
[Black "Miller, Evgeny"]
[Result "0-1"]
[WhiteElo "2051"]
[BlackElo "2212"]
[PlyCount "86"]
[EventDate "2004.06.13"]
[EventType "schev (rapid)"]
[EventRounds "6"]
[EventCountry "CAN"]
[SourceTitle "CBM 100 Extra"]
[Source "ChessBase"]
[SourceDate "2004.07.06"]
[SourceVersion "2"]
[SourceVersionDate "2004.07.06"]
[SourceQuality "1"]

1. e4 c6 2. d4 d5 3. Nd2 dxe4 4. Nxe4 Nd7 5. Bc4 Ngf6 6. Nxf6+ Nxf6 7. Nf3 Bf5 8. c3 e6 9. 0-0 Be7 10. Re1 0-0 11. Bd3 Bg4 12. Bf4 Rc8 13. h3 Bh5 14. Be2 Nd5 15. Bh2 c5 16. Ne5 Bxe2 17. Rxe2 cxd4 18. Qxd4 Qa5 19. Qg4 Nf6 20. Qf3 Qd5 21. Qxd5 Nxd5 22. Rd2 Rfd8 23. Rad1 Nb6 24. Rxd8+ Rxd8 25. Rxd8+ Bxd8 26. b3 Nd5 27. c4 Nc3 28. a4 Be7 29. Nd3 f6 30. a5 Ne2+ 31. Kf1 Nd4 32. b4 Nc6 33. c5 a6 34. Bd6 Kf7 35. Ke1 e5 36. Bxe7 Kxe7 37. Kd2 e4 38. Nf4 Nxb4 39. Ke3 g5 40. Ne2 f5 41. g4 fxg4 42. hxg4 Nc6 43. Kxe4 Kf6 0-1

[Event "Toronto Remembrance Day op"]
[Site "Toronto"]
[Date "2002.11.09"]
[Round "3"]
[White "Miller, Evgeny"]
[Black "Filipovich, David"]
[Result "0-1"]
[WhiteElo "2208"]
[BlackElo "2294"]
[PlyCount "96"]
[EventDate "2002.11.08"]
[EventType "swiss"]
[EventRounds "5"]
[EventCountry "CAN"]
[SourceTitle "EXT 2007"]
[Source "ChessBase"]
[SourceDate "2006.11.23"]
[SourceVersion "1"]
[SourceVersionDate "2006.11.23"]
[SourceQuality "1"]

1. e4 c6 2. d4 d5 3. e5 Bf5 4. Nf3 e6 5. Be2 Ne7 6. 0-0 Nd7 7. Be3 Bg4 8. Nbd2 Nf5 9. h3 Bxf3 10. Nxf3 h5 11. Bd3 g6 12. b3 Be7 13. c4 Qc7 14. Rc1 dxc4 15. bxc4 c5 16. Bxf5 gxf5 17. d5 Nxe5 18. Bf4 Nxf3+ 19. Qxf3 e5 20. Bxe5 Qxe5 21. Rfe1 Qd6 22. Qxf5 Rh6 23. Rc3 Rf6 24. Qxh5 0-0-0 25. Rce3 Bf8 26. Qg4+ Kc7 27. Qd1 Qf4 28. Rf3 Qh4 29. Rxf6 Qxf6 30. Qa4 Kb8 31. Re8 Bd6 32. g3 Rxe8 33. Qxe8+ Kc7 34. Qe2 Qe5 35. Qf3 f5 36. h4 f4 37. gxf4 Qxf4 38. Qxf4 Bxf4 39. Kg2 b5 40. Kf3 Bh6 41. cxb5 c4 42. Ke4 Bg7 43. a4 c3 44. Kd3 Kd6 45. Kc2 Kxd5 46. Kb3 Kc5 47. h5 Kb6 48. h6 Bh8 0-1

[Event "Toronto Remembrance Day op"]
[Site "Toronto"]
[Date "2002.11.09"]
[Round "2"]
[White "Okolotowicz, Zbigniew"]
[Black "Miller, Evgeny"]
[Result "0-1"]
[WhiteElo "2235"]
[BlackElo "2207"]
[PlyCount "86"]
[EventDate "2002.11.08"]
[EventType "swiss"]
[EventRounds "5"]
[EventCountry "CAN"]
[SourceTitle "EXT 2007"]
[Source "ChessBase"]
[SourceDate "2006.11.23"]
[SourceVersion "1"]
[SourceVersionDate "2006.11.23"]
[SourceQuality "1"]

1. e4 c6 2. Nc3 d5 3. d4 dxe4 4. Nxe4 Nd7 5. Bc4 Ngf6 6. Ng5 e6 7. Qe2 Nb6 8. Bb3 h6 9. N5f3 c5 10. dxc5 Bxc5 11. Ne5 0-0 12. Ngf3 Nbd7 13. 0-0 Nxe5 14. Nxe5 Qe7 15. Be3 Nd7 16. Bf4 Nxe5 17. Qxe5 Bd7 18. Rad1 Bb5 19. Rfe1 Rad8 20. Qh5 Bc6 21. c3 Qf6 22. Bg3 Bb6 23. Bc2 Rd5 24. Rxd5 Bxd5 25. Qe2 Rd8 26. Bb1 Qg5 27. Rd1 h5 28. c4 h4 29. cxd5 hxg3 30. hxg3 Rxd5 31. Rxd5 Qxd5 32. b3 g6 33. Be4 Qe5 34. Qf3 Qa1+ 35. Kh2 Qxa2 36. Kg1 Qd2 37. Bxb7 Qe1+ 38. Kh2 Bxf2 39. Qf6 Bxg3+ 40. Kh3 Be5 41. Qg5 Qh1+ 42. Kg4 f5+ 43. Kf3 Qf1+ 0-1

[Event "Bernard Freedman Memorial"]
[Site "Toronto"]
[Date "2002.08.14"]
[Round "3"]
[White "Miller, Evgeny"]
[Black "Srinivasan, Gajana"]
[Result "1-0"]
[WhiteElo "2202"]
[BlackElo "1971"]
[PlyCount "67"]
[EventDate "2002.08.12"]
[EventType "tourn"]
[EventRounds "9"]
[EventCountry "CAN"]
[SourceTitle "EXT 2003"]
[Source "ChessBase"]
[SourceDate "2002.11.25"]
[SourceVersion "1"]
[SourceVersionDate "2002.11.25"]
[SourceQuality "1"]

1. e4 c5 2. c3 e6 3. d4 d5 4. e5 Nc6 5. Nf3 h6 6. Be2 cxd4 7. cxd4 Nge7 8. 0-0 Ng6 9. Nc3 Be7 10. Be3 0-0 11. Bd3 Bd7 12. Rc1 a6 13. Nd2 f5 14. exf6 Rxf6 15. f4 Bd6 16. g3 Nge7 17. Nf3 Nf5 18. Bxf5 Rxf5 19. Ne5 Nxe5 20. dxe5 Bc7 21. Qb3 Bc6 22. Ne2 Bb5 23. Nd4 Qd7 24. Nxf5 exf5 25. Rxc7 Qxc7 26. Qxd5+ Kh7 27. Rc1 Qe7 28. e6 Kg6 29. Rc5 Rf8 30. Bd4 Bc6 31. Qe5 Rf6 32. g4 Be4 33. Rc7 Qb4 34. Rxg7+ 1-0

[Event "Toronto Simcoe Day op"]
[Site "Toronto"]
[Date "2002.08.03"]
[Round "2"]
[White "Miller, Evgeny"]
[Black "Tang, Charlie"]
[Result "0-1"]
[WhiteElo "2191"]
[BlackElo "2313"]
[PlyCount "42"]
[EventDate "2002.08.03"]
[EventType "swiss"]
[EventRounds "1"]
[EventCountry "CAN"]
[SourceTitle "EXT 2003"]
[Source "ChessBase"]
[SourceDate "2002.11.25"]
[SourceVersion "1"]
[SourceVersionDate "2002.11.25"]
[SourceQuality "1"]

1. e4 c5 2. c3 d5 3. exd5 Qxd5 4. d4 Nc6 5. Nf3 cxd4 6. cxd4 e5 7. Nc3 Bb4 8. Be3 exd4 9. Nxd4 Nf6 10. Nxc6 Qxc6 11. Qb3 a5 12. Bc4 0-0 13. 0-0 Bd6 14. h3 Bf5 15. Rfd1 Be5 16. Nd5 Nxd5 17. Bxd5 Qg6 18. Rac1 Rad8 19. Bb6 Rxd5 20. Rxd5 Be4 21. f3 Bxd5 0-1

[Event "Toronto CMA Futurity qual"]
[Site "Toronto"]
[Date "2002.07.27"]
[Round "3"]
[White "Miller, Evgeny"]
[Black "Findlay, Ian T"]
[Result "0-1"]
[WhiteElo "2191"]
[BlackElo "2382"]
[PlyCount "78"]
[EventDate "2002.07.26"]
[EventType "swiss"]
[EventRounds "5"]
[EventCountry "CAN"]
[SourceTitle "EXT 2003"]
[Source "ChessBase"]
[SourceDate "2002.11.25"]
[SourceVersion "1"]
[SourceVersionDate "2002.11.25"]
[SourceQuality "1"]

1. e4 c5 2. Nf3 d6 3. c3 Nf6 4. e5 dxe5 5. Nxe5 Nbd7 6. Nxd7 Bxd7 7. d4 e6 8. Be3 Bc6 9. dxc5 Qxd1+ 10. Kxd1 0-0-0+ 11. Ke1 Ng4 12. b4 Be7 13. Bd2 Bh4 14. Ke2 Nxf2 15. Rg1 Ne4 16. g3 Bf6 17. Be1 Ng5 18. Bg2 Bb5+ 19. Kf2 Bd3 20. Ke3 h5 21. Na3 Be7 22. h4 Nh7 23. Rd1 Bf5 24. Rxd8+ Rxd8 25. Nb5 a6 26. Nd4 Bg6 27. c6 b5 28. a4 Nf6 29. axb5 e5 30. Bh3+ Ng4+ 31. Bxg4+ hxg4 32. b6 exd4+ 33. cxd4 Rd6 34. b5 Re6+ 35. Kf2 axb5 36. d5 Bc5+ 37. Kf1 Bd3+ 38. Kg2 Re2+ 39. Kh1 Be4+ 0-1

[Event "Toronto CMA Futurity qual"]
[Site "Toronto"]
[Date "2002.07.27"]
[Round "2"]
[White "Noritsyn, Nikolay"]
[Black "Miller, Evgeny"]
[Result "0-1"]
[WhiteElo "2065"]
[BlackElo "2191"]
[PlyCount "64"]
[EventDate "2002.07.26"]
[EventType "swiss"]
[EventRounds "5"]
[EventCountry "CAN"]
[SourceTitle "EXT 2003"]
[Source "ChessBase"]
[SourceDate "2002.11.25"]
[SourceVersion "1"]
[SourceVersionDate "2002.11.25"]
[SourceQuality "1"]

1. e4 c6 2. d4 d5 3. e5 Bf5 4. Ne2 e6 5. Ng3 Bg6 6. h4 h6 7. h5 Bh7 8. Bd3 Bxd3 9. Qxd3 Nd7 10. 0-0 c5 11. c3 Qb6 12. b3 Ne7 13. Be3 Nc6 14. Nd2 Be7 15. Qe2 cxd4 16. cxd4 0-0 17. Qg4 f5 18. exf6 Rxf6 19. Nf3 Bd6 20. Rae1 Qc7 21. Bxh6 Rxh6 22. Rxe6 Nf6 23. Qg5 Bf4 24. Qf5 Bxg3 25. fxg3 Qxg3 26. Rfe1 Rxh5 27. Qd3 Ne4 28. Qe3 Rf8 29. Rc1 Rxf3 30. Qxf3 Qh2+ 31. Kf1 Nd2+ 32. Ke2 Nxf3 0-1

[Event "Toronto Canada Day op"]
[Site "Toronto"]
[Date "2002.06.30"]
[Round "4"]
[White "Ramaswamy, Kiran"]
[Black "Miller, Evgeny"]
[Result "1/2-1/2"]
[WhiteElo "1952"]
[BlackElo "2211"]
[PlyCount "173"]
[EventDate "2002.06.29"]
[EventType "swiss"]
[EventRounds "6"]
[EventCountry "CAN"]
[SourceTitle "EXT 2022"]
[Source "ChessBase"]
[SourceDate "2021.10.06"]
[SourceVersion "1"]
[SourceVersionDate "2021.10.06"]
[SourceQuality "1"]

1. c4 e5 2. g3 Nf6 3. Bg2 Nc6 4. Nc3 Bb4 5. Nf3 Bxc3 6. dxc3 d6 7. 0-0 0-0 8. Bg5 h6 9. Bxf6 Qxf6 10. Nd2 Qe7 11. e4 Rb8 12. Qb3 Kh8 13. Rfd1 f5 14. Qa3 f4 15. b4 b6 16. h3 fxg3 17. fxg3 Qg5 18. Kh2 Rf2 19. Nf3 Qh5 20. Ng1 Be6 21. Qa4 Bd7 22. Rf1 Rbf8 23. Rxf2 Rxf2 24. Rf1 Rxf1 25. Bxf1 Qf7 26. Kg2 Na5 27. Qc2 Nxc4 28. Qf2 Qe6 29. Be2 a5 30. Bg4 Qe8 31. Be2 Qg8 32. Kh2 Bc6 33. Bd3 axb4 34. cxb4 b5 35. Qc2 Qf7 36. a4 d5 37. axb5 Bxb5 38. exd5 Ne3 39. Qe2 Bxd3 40. Qxe3 Qxd5 41. Nf3 e4 42. Nd2 Kg8 43. Qa7 c6 44. Qb8+ Kh7 45. Qf4 Qg5 46. Qxg5 hxg5 47. Kg1 Kg6 48. Kf2 Kf5 49. Ke3 Ke5 50. Nb3 Bf1 51. h4 gxh4 52. gxh4 Kd5 53. Nd4 Bh3 54. Nb3 Bd7 55. Na5 Be6 56. Kd2 g6 57. Ke3 Bd7 58. Nb3 Ke5 59. Nd4 Be8 60. Ne2 Bf7 61. Nc3 Bd5 62. Ne2 Kf5 63. Nc3 Ke5 64. Ne2 Be6 65. Nc3 Bf5 66. Ne2 Bg4 67. Nd4 Kd5 68. Nc2 Bh5 69. Kd2 Bf3 70. Ke3 Bg4 71. Kd2 Bd7 72. Ke3 Kc4 73. Nd4 Kxb4 74. Kxe4 c5 75. Nc2+ Kb3 76. Ne3 c4 77. Ke5 c3 78. Kf6 Be8 79. Ke7 Bb5 80. Kf6 Bd3 81. Kg5 Ka2 82. h5 gxh5 83. Kxh5 Kb1 84. Kg4 Be4 85. Kf4 Bc6 86. Ke5 Bf3 87. Kd4 1/2-1/2

[Event "Toronto-ch"]
[Site "Toronto"]
[Date "2001.01.22"]
[Round "5"]
[White "Miller, Evgeny"]
[Black "Verma, Tony"]
[Result "1-0"]
[WhiteElo "2083"]
[BlackElo "2023"]
[PlyCount "53"]
[EventDate "2001.??.??"]
[EventType "tourn"]
[EventRounds "11"]
[EventCountry "CAN"]
[SourceTitle "EXT 2003"]
[Source "ChessBase"]
[SourceDate "2002.11.25"]
[SourceVersion "1"]
[SourceVersionDate "2002.11.25"]
[SourceQuality "1"]

1. e4 c5 2. c3 d5 3. exd5 Qxd5 4. d4 cxd4 5. cxd4 Nc6 6. Be3 e6 7. Nc3 Bb4 8. Nf3 Nge7 9. Bd3 Qd8 10. 0-0 Nd5 11. Ne4 0-0 12. Rc1 Bd7 13. Bb1 f5 14. Nc5 Bxc5 15. dxc5 Nxe3 16. fxe3 Rc8 17. Qd6 Qe7 18. Rfd1 Rfd8 19. e4 Be8 20. Qxe7 Nxe7 21. Rxd8 Rxd8 22. Ng5 Bf7 23. exf5 exf5 24. Re1 Rd7 25. g4 Bg6 26. gxf5 Bxf5 27. Bxf5 1-0

[Event "Toronto-ch"]
[Site "Toronto"]
[Date "2001.01.21"]
[Round "4"]
[White "Bryskine, Marina"]
[Black "Miller, Evgeny"]
[Result "1-0"]
[WhiteElo "2118"]
[BlackElo "2083"]
[PlyCount "55"]
[EventDate "2001.??.??"]
[EventType "tourn"]
[EventRounds "11"]
[EventCountry "CAN"]
[SourceTitle "EXT 2003"]
[Source "ChessBase"]
[SourceDate "2002.11.25"]
[SourceVersion "1"]
[SourceVersionDate "2002.11.25"]
[SourceQuality "1"]

1. e4 c6 2. d4 d5 3. exd5 cxd5 4. Bd3 Nc6 5. c3 e5 6. dxe5 Nxe5 7. Bc2 Bc5 8. Qe2 Qe7 9. Bf4 Nc6 10. Qxe7+ Ngxe7 11. Nf3 d4 12. 0-0 Nd5 13. Re1+ Be6 14. cxd4 Nxd4 15. Nxd4 Bxd4 16. Ba4+ Kf8 17. Bd6+ Kg8 18. Ba3 a6 19. Nd2 b5 20. Bb3 a5 21. Nf3 Bf6 22. Rad1 Nf4 23. Bxe6 Nxe6 24. b3 b4 25. Bc1 Rc8 26. Rd5 Nf4 27. Bxf4 Bc3 28. Red1 1-0